000 00440nam a22001577a 4500
003 OSt
005 20240703114720.0
008 240703b |||||||| |||| 00| 0 eng d
040 _cCHUKA UNIVERSITY
100 _aHELFER,JACQUES.R
_915961
245 _aTHE GRASSHOPPERS,COCKROACHES AND THEIR ALLIES
260 _aLOWA
_bWMC BROWN COMPANY PUB
_c1953
300 _a353P.
650 _aGRASSHOPPERS------COCKROACHES
_915962
942 _2lcc
_cBK
_n0
999 _c17205
_d17205